000 00328nam a22001457a 4500
008 180809b xxu||||| |||| 00| 0 eng d
020 _a0815190980
041 _aeng
080 _a616.053
082 _a616.053 WAR
100 _a7
101 _aKAR
245 _aCongenital malformations
_cWARKANY.J
942 _2udc
_cBK
999 _c46987
_d46987